000 00318nam a22001337a 4500
008 181107b xxu||||| |||| 00| 0 eng d
020 _a9780887272653
041 _aeng
080 _a370
100 _a49
101 _aEDU
245 _aIntegrated Chinese Simplified Character Exlition
_c yAO.ch
942 _2udc
_cBK
999 _c52092
_d52092